[Event "Stockerau op-B"]
[Site "Stockerau"]
[Date "2006.05.25"]
[Round "2"]
[White "Hansal, Franz"]
[Black "Metzger, Siegfried"]
[Result "0-1"]
[WhiteElo "1399"]
[BlackElo "1600"]
[PlyCount "59"]
[EventDate "2006.05.25"]
[EventType "swiss"]
[EventRounds "5"]
[EventCountry "AUT"]
[SourceTitle "CBM 112 Extra"]
[Source "ChessBase"]
[SourceDate "2006.07.14"]
[SourceVersion "1"]
[SourceVersionDate "2006.07.14"]
[SourceQuality "1"]

1. e4 e5 2. Nf3 Nc6 3. d4 exd4 4. Bc4 h6 5. c3 dxc3 6. Nxc3 Nf6 7. 0-0 d6 8. Nd5 Be7 9. h3 Nxe4 10. Re1 Nc5 11. Bb5 Be6 12. Bxc6+ bxc6 13. Nxe7 Qxe7 14. Nd4 Qd7 15. b4 Nb7 16. Nxe6 fxe6 17. Qh5+ Kf8 18. Re3 Kg8 19. Rg3 Rf8 20. Bxh6 Rh7 21. Re1 Qf7 22. Qxf7+ Rxf7 23. Rxe6 Nd8 24. Re8+ Rf8 25. Rxf8+ Kxf8 26. Be3 a6 27. Ba7 Ke8 28. Bb8 Ne6 29. Ra3 g5 30. Rxa6 0-1